00702njm a2200193 i 4500001001100000003000500011005001700016008004100033040002500074245009500099264007000194336002100264337002500285338002300310500005700333942001000390999001900400952008900419C2-0303433PPAK20180729152503.0100324s1995 my |||| ||||| | may d aPPAKbengcPPAKerda00aTemubual dengan Encik Ahmad Ariffin oleh Tuan Ismail Salleh mengenai Dr. Mahathir Mohammad 1aAlor Setar, Kedah : bPerbadanan Perpustakaan Awam Kedah , c1995 2rdacontentatext 2rdamediaaunmediated 2rdacarrieravolume aDirakam pada 18 Oktober 1995. Pita Kaset, PK 303/95 ddccB c163808d163808 00102ddc4071bPPAKcKKd2010-03-24oCD 303/95pA00363232r2018-07-05 00:00:00yCD